000 00767nam a2200193Ii 4500
003 JO-AjNU
008 230605s9999||||xx |||||||||||||| ||und||
040 _aJO-AjNU
_bara
_erda
_cJO-AjNU
041 _aara
050 1 4 _aJQ1850.A1.M86.2005
100 3 _aالمنظمة العربية للتنمية الإدارية,
_eauthor
_952225
245 0 0 _aالمنظمة العربية للتنمية الإدارية: التقرير السنوي لعام 2005
264 3 1 _aد،م: المنظمة العربية للتنمية الإدارية، 2005
300 _a110ض
336 _atext
_btxt
_2rdacontent
337 _aunmediated
_bn
_2rdamedia
338 _avolume
_bnc
_2rdacarrier
650 4 _aالمنظمة العربية للتنمية الإدارية
_952226
999 _aA23122
_c26690
_d26690